000 00390nam a2200169Ia 4500
008 210210b1940 xxu||||| |||| 00| 0 eng d
041 _aeng
082 _a825/281
100 _aDU BOS (Charles)
245 _aWhat is literature
260 _aLondon
_bSheed and Ward
_c1940
650 _aWhat
650 _aliterature
650 _ais
690 _aEnglish Criticism
906 _a014598
999 _c133789
_d133789